000 00413nam a22001337a 4500
082 _aT-230
100 _aSyed Sajjad Nasir Kazmi
_951404
245 _aImpact of Post Traumatic Stress Disorder (PTSD) on the Vulnerable Groups of Nowshera Floods 2010, Khyber Pakhtunkhaw, Pakistan
260 _aRisalpur,
_bMCE,
_c2018
300 _a97p.
526 _a0
_b0
_c0
_dT_230
650 _aThesis
_934811
942 _2ddc
_cBK
999 _c554097
_d554097